LEADER 01168nam a2200277 i 4500 001 000000142538 003 CaOOAMICUS 005 20050909000000.0 008 050909s1957 it u000 u ita u 013 $a117894 040 $aSeMil$bita 100 1 $aLukasiewicz, Jan.$0(OLS)http://semarc/name/57216 245 13$aLa sillogistica di Aristotele /$cJ. Lukasiewicz, C. Negro ; introduzione storica di Czeslaw Lejewski. 250 $a2. ed. 260 $aBrescia :$bMorcelliana,$c1957. 300 $a292 p. ;$c24 cm. 490 0 $aArchivum philosophicum Aloisianum. Ser. 3 ;$v2 600 04$aAristotele <384-322 a.C.>.$0(OLS)http://semarc/subject/1987 700 1 $aLejewski, Czeslaw.$0(OLS)http://semarc/name/57217 700 1 $aNegro, Camillo.$0(OLS)http://semarc/name/34080 830 0$aArchivum philosophicum Aloisianum. Ser. 3 ;$v2.$0(OLS)http://semarc/title/18784 850 $aSeMil 852 $aSeMil$W1$xVenegono$y1$m2P V 103$j95707$B95707$CSeMilBibl$Z2$F102982 $81 961 $aOmaggio: Altro 996 $6245$aLa sillogistica di Aristotele$9(OLS)http://semarc/title/208495 996 $6260$aBrescia :$bMorcelliana$9(OLS)http://semarc/publisher/29629 LEADER 01197nam a2200265 4500 001 000000362311 003 CaOOAMICUS 005 20250327160153.0 008 250326s1998 it 000 u ita r 020 $a88-348-8078-1 040 $aSeMil$bita 100 1 $aLeziroli, Giuseppe,$d<1937- >.$0(OLS)http://semarc/name/18216 245 10$aRelazioni fra Chiesa cattolica e potere politico :$bla religione come limite del potere : cenni storici /$cGiuseppe Leziroli. 250 $a4. ed. 264 1$aTorino :$bGiappichelli,$c1998. 300 $aVIII, 381 p. ;$c24 cm 650 4$aChiesa e Stato.$0(OLS)http://semarc/subject/1242 650 4$aChiesa cattolica e politica.$0(OLS)http://semarc/subject/29218 850 $aSeMil 852 $aSeMil$W1$xVenegono$y1$m3A V 7$j255476$B253231$CSeMilBibl$Z2$F253231 $81 961 $aBuzzi mons. Franco - Omaggio 996 $6020$a88-348-8078-1$9(OLS)http://semarc/number/302858 996 $6245$aRelazioni fra Chiesa cattolica e potere politico :$bla religione come limite del potere : cenni storici$9(OLS)http://semarc/title/453199 996 $6264$aTorino :$bGiappichelli$9(OLS)http://semarc/publisher/31793